Quán rượu = L'assommoir

Сохранить в:
Библиографические подробности
Главный автор: Emile Zola
Формат:
Язык:Undetermined
Опубликовано: Tp. HCM Văn Nghệ 2000
Предметы:
Метки: Добавить метку
Нет меток, Требуется 1-ая метка записи!
Thư viện lưu trữ: Trung tâm Học liệu Trường Đại học Cần Thơ
LEADER 00515nam a2200181Ia 4500
001 CTU_37465
008 210402s9999 xx 000 0 und d
082 |a 843.8 
082 |b Z86q 
100 |a Emile Zola 
245 0 |a Quán rượu 
245 0 |b = L'assommoir 
245 0 |c Emile Zola, Hoàng Lâm 
260 |a Tp. HCM 
260 |b Văn Nghệ 
260 |c 2000 
650 |a french fiction ( vietnamese ),french literature - 19th century 
980 |a Trung tâm Học liệu Trường Đại học Cần Thơ